Famous Last Names - Statistics

General Stats
  • This quiz has been taken 28 times
  • The average score is 14 of 18
Answer Stats
First Name Last Name % Correct
John Wilkes Booth
100%
Julius Caesar
100%
Abraham Lincoln
100%
George Washington
100%
Miley Cyrus
96%
Martin Luther King
96%
Donald Trump
96%
Vincent Van Gogh
92%
Albert Einstein
88%
Taylor Swift
85%
Otto Von Bismarck
69%
Arnold Schwarzenegger
69%
Thomas Jefferson
65%
George Washington Carver
62%
Mahatma Ghandi
62%
John Adams
54%
William Shakespeare
35%
Michael Jordan
31%
No matching quizzes found
Score Distribution
Percent of People with Each Score
Percentile by Number Answered
Your Score History
You have not taken this quiz